| 000 | 00628nam a2200229 a 4500 | ||
|---|---|---|---|
| 999 |
_c1921 _d1921 |
||
| 001 | 1921 | ||
| 003 | BD-JhCC | ||
| 005 | 20200213134007.0 | ||
| 008 | 171026s1970 xxu |||| ||a| 000 0 eng d | ||
| 020 | _a08788500006 | ||
| 035 | _a(BD-JhCC)1921 | ||
| 040 |
_aBD-JhCC _dBD-JhCC |
||
| 041 | _aeng | ||
| 082 |
_a301.24 _bGRO 1970 |
||
| 100 | _aGrobman, Arnold B | ||
| 245 |
_aSocial implications of biological education / _cArnold B Grobman |
||
| 260 |
_aAmerica : _bJohn T. Westlake Publishing Service, _c1970. |
||
| 300 |
_a134p. : _c23 cm. |
||
| 650 |
_aBiology _xStudy and teaching |
||
| 942 |
_2ddc _cBK _02 |
||